header

The logic of concept expansion (Record no. 333)

MARC details
000 -LEADER
fixed length control field 01128nam a22003014a 4500
082 04 - DEWEY DECIMAL CLASSIFICATION NUMBER
Classification number 160
100 1# - MAIN ENTRY--AUTHOR NAME
Personal name Buzaglo, Meir,
245 14 - TITLE STATEMENT
Title The logic of concept expansion
260 ## - PUBLICATION, DISTRIBUTION, ETC. (IMPRINT)
Place of publication Cambridge, U.K. ;
-- New York :
Name of publisher Cambridge University Press,
Year of publication 2002.
300 ## - PHYSICAL DESCRIPTION
Number of Pages xi, 182 p. :
Other physical details ill.
650 #0 - SUBJECT ADDED ENTRY--TOPICAL TERM
Topical Term Logic.
Topical Term Concepts.
856 40 - ELECTRONIC LOCATION AND ACCESS
Uniform Resource Identifier http://site.ebrary.com/lib/rucke/Doc?id=10006803

No items available.

© 2026 Rongo University
Contact us: librarian | system librarian | Rongo university